00275nam a22001097a 4500020001800000082001500018100002100033245005700054260002900111300001000140650001500150 a9789353229764 aK9594 B219 aKumar, Balvinder aRedesign your life in modern agecby Balvinder Kumar aNew DelhibPrabhatc2020 a248p. aMotivation